Culture Générale - I - Statistiques

Statistiques générales
  • Ce quiz a été pris 84 fois
  • Le résultat moyen est 7 sur 20
Statistiques - réponses
Indice Réponse % Correct
Meilleur ami du héros de la célèbre saga de J.K. Rowling Ron Weasley
83%
Rappeur s'étant confronté à Booba à l'aéroport d'Orly durant l'été 2018 Kaaris
67%
Nombre de lignes dans le métro parisien 16
66%
Dramaturge français du XIXe siècle ayant notamment écrit "La Reine Margot" et "Les Trois Mousquetaires" Alexandre Dumas
66%
Numéro floqué sur le maillot de Zinédine Zidane au Réal Madrid 5
62%
Capacité de voir dans l'obscurité Nyctalopie
58%
Pays qui compte plus de lacs que le reste du monde combiné Le Canada
55%
Capitale du Monténégro Podgorica
47%
Titre décerné après avoir été diplômé de 8 années d'études supérieures en France Docteur(e)
38%
Footballeur ayant remporté le Ballon d'Or en 1999 Rivaldo
36%
Nom du nain dans la série télévisée Game of Thrones Tyrion Lannister
36%
Nom complet de l'acronyme NBA National Basketball Association
32%
Boisson à base de fleur d'hibiscus originaire du Sénégal Le bissap
29%
Année de fondation d'EDF 1946 (8 avril)
24%
Selon l'expression, animal que l'on peigne pour décrire un travail inutile et très long Une girafe
20%
Partie mobile d'un mécanisme rotatif Le rotor
17%
Premier empereur du Japon Jimmu tenno
4%
Troisième jeu vidéo le plus vendu au monde derrière Minecraft et Grand Theft Auto V Wii Sports
4%
Monnaie la plus faible du monde Le Rial iranien (IRR)
3%
Chef cuisinier français triplement étoilé, premier chef cuisinier à être élu à l'Académie des Beaux-Arts Guy Savoy
1%
Aucun quiz correspondant
Distribution des résultats
% des personnes avec chaque résultat
Percentile par nombre de réponses
Votre historique - résultats
Vous n’avez pas pris ce quiz